Koncepcia modelu merania výkonnosti podniku na báze pomerových ukazovateľov
Prezentácia modelu výkonnosti vypracovaného na vzorke 233 slovenských podnikov, ktoré aj pred , počas a po svetovej recesii vyprodukovali zisk.
Na minha lista:
| Autor principal: | |
|---|---|
| Outros Autores: | , |
| Formato: | Capítulo de Livro |
| Idioma: | eslovaco |
| Assuntos: | |
| Tags: |
Sem tags, seja o primeiro a adicionar uma tag!
|
MARC
| LEADER | 00000naa a2200000 4500 | ||
|---|---|---|---|
| 001 | 0213652 | ||
| 005 | 20240502073551.5 | ||
| 041 | 0 | |a slo | |
| 044 | |a SK | ||
| 245 | 1 | 0 | |a Koncepcia modelu merania výkonnosti podniku na báze pomerových ukazovateľov |c Eduard Hyránek, Michal Grell, Ladislav Nagy |
| 520 | |a Prezentácia modelu výkonnosti vypracovaného na vzorke 233 slovenských podnikov, ktoré aj pred , počas a po svetovej recesii vyprodukovali zisk. | ||
| 610 | 2 | 0 | |a meranie výkonnosti |
| 610 | 2 | 0 | |a ukazovatele výkonnosti |
| 610 | 2 | 0 | |a Slovensko |
| 610 | 2 | 0 | |a podnik |
| 610 | 2 | 0 | |a ukazovatele finančné |
| 610 | 2 | 0 | |a modely ekonomicko-matematické |
| 100 | 1 | |a Hyránek, Eduard, 1955- | |
| 700 | 1 | |a Grell, Michal | |
| 700 | 1 | |a Nagy, Ladislav | |